000 00481cam a2200193ua 4500
001 6698
008 140308n ii |||gr||||Z||||||eng
020 _a81-219-0001-8
040 _cMAIN
082 _a657.45
245 _aPractical Auditing
_cBy B.N. Tandon
250 _a10th rev/rep.
260 _aNew delhi:
_bS. Chand & company ltd,
_c1994.
300 _axiii,819p.
653 _aAccounting
653 _aPractical Auditing
700 _aTandon,B.N.,
_eAuthor.
942 _cBK
999 _c5846
_d5846